Aprender a programar Apps con HTML5, CSS, y JavaScript con 100 ejercicios prácticos
Uloženo v:
| Korporativní autor: | |
|---|---|
| Médium: | Kniha |
| Jazyk: | španělština |
| Vydáno: |
Cuernavaca
Alfaomega
2014
|
| Vydání: | 1a. ed |
| Témata: | |
| Tagy: |
Přidat tag
Žádné tagy, Buďte první, kdo vytvoří štítek k tomuto záznamu!
|
MARC
| LEADER | 00000cam a2200000 a 4500 | ||
|---|---|---|---|
| 001 | UCD0961 | ||
| 003 | CL-VaPUC | ||
| 005 | 20231019111217.0 | ||
| 008 | 151231e20140000mx |||||||||||||||||spa|d | ||
| 999 | |c 362393 |d 362391 | ||
| 020 | |a 9786076221983 | ||
| 040 | |c Pontificia Universidad Católica de Valparaíso | ||
| 082 | 0 | 4 | |a 004.62 |b MED |2 21 |
| 110 | 2 | |a MEDIAactive |e author |9 584008 | |
| 245 | 1 | 0 | |a Aprender a programar Apps con HTML5, CSS, y JavaScript con 100 ejercicios prácticos |
| 250 | |a 1a. ed | ||
| 260 | |a Cuernavaca |b Alfaomega |c 2014 | ||
| 300 | |a 216 p | ||
| 583 | |a last modification |c 20151231 00:35:00 |k Rodrigo Vera | ||
| 650 | 0 | |a APL (lenguaje de programación) |9 885220 | |
| 650 | 0 | |a Javascript (Lenguaje de programación) |v Manual |9 885221 | |
| 650 | 0 | |a Aplicaciones para móviles |9 885222 | |
| 650 | 0 | |a Teléfonos móviles |9 577925 | |
| 650 | 0 | |a HTML (Lenguaje de marcas) |9 885223 | |
| 942 | |c BK |2 ddc | ||
| 945 | |d 20151231 00:35:00 |a dcastane | ||
| 952 | |0 0 |1 0 |2 ddc |3 erb |4 0 |6 004_620000000000000_MED_2014 |7 0 |8 A |9 473551 |a BIBING |b BIBING |c RES |i 5259290 |o 004.62 MED 2014 |p 5259290 |r 2025-01-20 |w 2019-11-24 |y BK |z Catalogado en:20151231 |k CCI | ||
| 952 | |0 0 |1 0 |2 ddc |3 erb |4 0 |6 004_620000000000000_MED_2014 |7 0 |8 A |9 473552 |a BIBING |b BIBING |c RES |i 5259282 |o 004.62 MED 2014 |p 5259282 |r 2025-01-20 |w 2019-11-24 |y BK |z Catalogado en:20151231 |k CCI | ||
| 952 | |0 0 |1 0 |2 ddc |3 erb |4 0 |6 004_620000000000000_MED_2014 |7 0 |8 A |9 473553 |a BIBING |b BIBING |c RES |i 5259274 |o 004.62 MED 2014 |p 5259274 |r 2025-01-20 |w 2019-11-24 |y BK |z Catalogado en:20151231 |k CCI | ||
| 952 | |0 0 |1 0 |2 ddc |3 erb |4 0 |6 004_620000000000000_MED_2014 |7 0 |8 A |9 473554 |a BIBING |b BIBING |c RES |i 5259266 |o 004.62 MED 2014 |p 5259266 |r 2025-01-20 |w 2019-11-24 |y BK |z Catalogado en:20151231 |k CCI | ||
| 952 | |0 0 |1 0 |2 ddc |3 erb |4 0 |6 004_620000000000000_MED_2014 |7 0 |8 A |9 473555 |a BIBING |b BIBING |c RES |i 5259258 |o 004.62 MED 2014 |p 5259258 |r 2025-01-20 |w 2019-11-24 |y BK |z Catalogado en:20151231 |k CCI | ||
| 952 | |0 0 |1 0 |2 ddc |3 erb |4 0 |6 004_620000000000000_MED_2014 |7 0 |8 A |9 473556 |a BIBING |b BIBING |c RES |i 5351456 |l 1 |o 004.62 MED 2014 |p 5351456 |r 2025-01-20 |s 2024-05-14 |w 2019-11-24 |y BK |z Catalogado en:20161124 |k CCI | ||
| 952 | |0 0 |1 0 |2 ddc |3 erb |4 0 |6 004_620000000000000_MED_2014 |7 0 |8 A |9 473557 |a BIBING |b BIBING |c RES |i 5351464 |l 1 |o 004.62 MED 2014 |p 5351464 |r 2025-04-28 |s 2025-04-21 |w 2019-11-24 |y BK |z Catalogado en:20161124 |k CCI | ||
| 952 | |0 0 |1 0 |2 ddc |3 erb |4 0 |6 004_620000000000000_MED_2014 |7 0 |8 A |9 473558 |a BIBING |b BIBING |c RES |i 5351472 |o 004.62 MED 2014 |p 5351472 |r 2025-01-20 |w 2019-11-24 |y BK |z Catalogado en:20161124 |k CCI | ||
| 952 | |0 0 |1 0 |2 ddc |3 erb |4 0 |6 004_620000000000000_MED_2014 |7 0 |8 A |9 473559 |a BIBING |b BIBING |c RES |i 5351480 |o 004.62 MED 2014 |p 5351480 |r 2025-01-20 |w 2019-11-24 |y BK |z Catalogado en:20161124 |k CCI | ||
| 952 | |0 0 |1 0 |2 ddc |3 erb |4 0 |6 004_620000000000000_MED_2014 |7 0 |8 A |9 473560 |a BIBING |b BIBING |c RES |i 5351499 |o 004.62 MED 2014 |p 5351499 |r 2025-01-20 |w 2019-11-24 |y BK |z Catalogado en:20161124 |k CCI | ||